| 000 | 00572nam a2200193 i 4500 | ||
|---|---|---|---|
| 001 | 92557 | ||
| 003 | ES-MaACL | ||
| 005 | 20230906181011.0 | ||
| 007 | t| | ||
| 008 | 050310s1983 sp ||||1| spa d | ||
| 100 | 1 |
_aLipovetsky, Gilles. _972497 |
|
| 245 | 1 | 2 |
_aL'ère du vide: essais sur l'individualisme contemporain / _cpar Gilles Lipovetsky. |
| 260 |
_aParis : _bGallimard, cop, _c1983. |
||
| 300 |
_a246 p. ; _c21 cm. |
||
| 490 | 1 |
_aLes essais ; _v225 |
|
| 830 | 0 |
_aLes essais ; _v225 _9177516 |
|
| 852 |
_aES-MaACL _jL-10850 _bR.112593 |
||
| 999 |
_c92557 _d92557 |
||